Work sharing case studies /

Bibliographic Details
Main Author: McCarthy, Maureen E.
Corporate Author: W.E. Upjohn Institute for Employment Research
Other Authors: Rosenberg, Gail S., Lefkowitz, Gary
Format: Book
Language:English
Published: Kalamazoo, Mich. : W.E. Upjohn Institute for Employment Research, [1981]
Subjects:

MARC

Tag First Indicator Second Indicator Subfields
LEADER 00000pam a2200000 a 4500
001 in00000096039
005 20150923173911.0
008 811006s1981 miu b 00010 eng
010 |a  81015943  
020 |a 091155887X 
020 |a 0911558888 (pbk.) 
035 |a (OCoLC)07946435 
035 |9 AAK8430AM 
039 0 |a 2  |b 3  |c 3  |d 3  |e 3 
040 |a DLC  |c DLC  |d TXA  |d UtOrBLW 
043 |a n-us--- 
049 |a TXAM  |c [952195] 
050 0 0 |a HD5110.6 U6  |b  M35 
082 0 |a 331.25/72  |2 19 
100 1 |a McCarthy, Maureen E. 
245 1 0 |a Work sharing case studies /  |c Maureen E. McCarthy, Gail S. Rosenberg, with assistance from Gary Lefkowitz. 
264 1 |a Kalamazoo, Mich. :  |b W.E. Upjohn Institute for Employment Research,  |c [1981] 
264 4 |c ©1981 
300 |a xv, 279 pages ;  |c 23 cm. 
336 |a text  |b txt  |2 rdacontent 
337 |a unmediated  |b n  |2 rdamedia 
338 |a volume  |b nc  |2 rdacarrier 
504 |a Bibliography: pages 271-277. 
650 0 |a Work sharing  |z United States  |x Case studies. 
700 1 |a Rosenberg, Gail S. 
700 1 |a Lefkowitz, Gary. 
710 2 |a W.E. Upjohn Institute for Employment Research. 
999 |a MARS 
999 f f |s a0a2f3f7-7a7b-31d9-9798-c10480ea1f78  |i a96adc33-4f99-3a81-90fd-eda26fa3909b  |t 0 
952 f f |p ric  |a Texas A&M University  |b Rellis Campus  |c Joint Library Facility  |d Remote Storage  |t 0  |e HD5110.6 U6 M35  |h Library of Congress classification  |i unmediated -- volume  |m A14806049782 
998 f f |a HD5110.6 U6 M35  |t 0  |l Remote Storage